Vivencias y recuerdos / (Record no. 147928)

MARC details
000 -LEADER
campo de control de longitud fija 00508nam a2200169 i 4500
001 - NÚMERO DE CONTROL
campo de control 147928
003 - IDENTIFICADOR DE NÚMERO DE CONTROL
campo de control ES-MaACL
005 - FECHA Y HORA DE LA ÚLTIMA TRANSACCIÓN
campo de control 20230906202335.0
007 - CAMPO FIJO DE DESCRIPCIÓN FÍSICA--INFORMACIÓN GENERAL
campo de control de longitud fija t|
008 - DATOS DE LONGITUD FIJA--INFORMACIÓN GENERAL
campo de control de longitud fija 071008s1968 sp ||||1| spa d
100 1# - ENTRADA PRINCIPAL--NOMBRE DE PERSONA
Nombre de persona Urcuyo Rodríguez, Vicente.
9 (RLIN) 112105
245 10 - MENCIÓN DEL TÍTULO
Título Vivencias y recuerdos /
Mención de responsabilidad, etc. Vicente Urcuyo Rodríguez.
260 ## - PUBLICACIÓN, DISTRIBUCIÓN, ETC.
Lugar de publicación, distribución, etc. Avila :
Nombre del editor, distribuidor, etc. L. Nieto Jiménez,
Fecha de publicación, distribución, etc. 1968.
300 ## - DESCRIPCIÓN FÍSICA
Extensión 324 p., 2 h. con 9 lám. ;
Dimensiones 22 cm.
852 ## - LOCALIZACIÓN
Ubicación ES-MaACL
Número de control de estantería C-35561
Sublocalización o colección R.67023
852 ## - LOCALIZACIÓN
Ubicación ES-MaACL
Número de control de estantería C-37160
Sublocalización o colección R.66846
Holdings
Estatus retirado Estado de pérdida Estado de daño No para préstamo Biblioteca de origen Biblioteca actual Ubicación en estantería Fecha de adquisición Fuente de adquisición Total de préstamos Signatura topográfica completa Código de barras Visto por última vez Precio de reemplazo Tipo de ítem Koha
        Biblioteca del Ateneo de Madrid Biblioteca del Ateneo de Madrid Depósito 2 17/01/2008     C-35561 1154378 23/02/2023 23/02/2023 Libro impreso
        Biblioteca del Ateneo de Madrid Biblioteca del Ateneo de Madrid Depósito 2 17/01/2008     C-37160 1154379 23/02/2023 23/02/2023 Libro impreso